Estadísticas para Goleadores Clasificatorias UEFA para la Copa Mundial de Fútbol

Haz click aquí para intentar la prueba.

Estadísticas generales

  • Esta prueba ha sido intentada 113 veces
    (90 desde el último reinicio)
  • La puntuación promedio es 6 de 27

Estadísticas de respuestas

MundialNacionalidadRespuestaG% Correcto
Mundial 2022InglaterraHarry Kane12
99%
Mundial 2018PoloniaRobert Lewandowski16
96%
Mundial 2022Paises BajosMemphis Depay12
84%
Mundial 2014Paises BajosRobin Van Persie11
83%
Mundial 1970AlemaniaGerd Muller9
65%
Mundial 2002UcraniaAndriy Shevchenko10
56%
Mundial 1974Paises BajosJohan Cruyff7
45%
Mundial 1966PortugalEusebio7
44%
Mundial 2006PortugalPauleta11
17%
Mundial 1982AlemaniaKarl-Heinz Rummenigge9
16%
Mundial 1998SerbiaPedrag Mijatovic14
13%
Mundial 1986DinamarcaPreben Larsen8
4%
Mundial 2010GreciaTheofanis Gekas10
4%
Mundial 1994RumaniaFlorian Raducioiu9
1%
Mundial 1974BulgariaHristo Bonev7
1%
Mundial 1974Alemania O.Joachim Streich7
1%
Mundial 1974ItaliaLuigi Riva7
1%
Mundial 1978ItaliaRoberto Bettega9
1%
Mundial 1962ChecoslovaquiaAndrej Kvasnak7
0%
Mundial 1938LetoniaFricis Kaneps5
0%
Mundial 1938HungriaGyula Zsengeller5
0%
Mundial 1934EspañaIsidro Langara7
0%
Mundial 1950InglaterraJack Rowley4
0%
Mundial 1990BelgicaMarc Van Der Linden7
0%
Mundial 1954AlemaniaMax Morlock6
0%
Mundial 1958InglaterraTommy Taylor8
0%
Mundial 1950YugoslaviaZeljko Cajkovski4
0%

Distribución de puntuación

Porcentaje por número respondido

Porcentaje de gente con cada puntuación

Historial de tus puntuaciones

No has intentado esta prueba desde el último reinicio